Four essayists (Transfered to SOA) (Record no. 243467)
[ view plain ]
| 000 -LEADER | |
|---|---|
| fixed length control field | 00195 a2200097 4500 |
| 001 - CONTROL NUMBER | |
| control field | 8394 |
| 090 ## - LOCALLY ASSIGNED LC-TYPE CALL NUMBER (OCLC); LOCAL CALL NUMBER (RLIN) | |
| -- | 6764 |
| -- | 6764 |
| 100 ## - MAIN ENTRY--PERSONAL NAME | |
| Personal name | Wilson, R |
| 245 ## - TITLE STATEMENT | |
| Title | Four essayists (Transfered to SOA) |
| 260 ## - PUBLICATION, DISTRIBUTION, ETC. | |
| Name of publisher, distributor, etc. | Nelson |
| 942 ## - ADDED ENTRY ELEMENTS (KOHA) | |
| Institution code [OBSOLETE] | NUST-CAE |
| Withdrawn status | Lost status | Damaged status | Not for loan | Collection code | Permanent Location | Current Location | Date acquired | Total Checkouts | Barcode | Date last seen | Price effective from | Koha item type |
|---|---|---|---|---|---|---|---|---|---|---|---|---|
| College of Aeronautical Engineering (CAE) | College of Aeronautical Engineering (CAE) | 04/03/2017 | CAE8650 | 04/05/2017 | 04/05/2017 | Book |
